Spin és elektron transzport különböző félvezető heterostruktúrákban mágneses és elektromos tér jelenlétében

Elmentve itt :
Bibliográfiai részletek
Szerző: Borza Sándor
További közreműködők: Papp György (Témavezető)
Dokumentumtípus: Disszertáció
Megjelent: 2014-11-13
Tárgyszavak:
doi:10.14232/phd.2203

mtmt:2813476
Online Access:http://doktori.ek.szte.hu/2203
LEADER 01082nta a2200229 i 4500
001 dokt2203
005 20200402085605.0
008 140429s2014 hu om 0|| hun d
024 7 |a 10.14232/phd.2203  |2 doi 
024 7 |a 2813476  |2 mtmt 
040 |a SZTE Doktori Repozitórium  |b hun 
041 |a hun 
100 1 |a Borza Sándor 
245 1 0 |a Spin és elektron transzport különböző félvezető heterostruktúrákban mágneses és elektromos tér jelenlétében  |h [elektronikus dokumentum] /  |c  Borza Sándor 
246 1 0 |a Spin and Electron Transport in Different Semiconductor Heterostructures in the Presence of a Magnetic and an Electric Field  |h [elektronikus dokumentum] 
260 |c 2014-11-13 
502 |a Disszertacio 
650 4 |a fizikai tudományok 
700 1 |a Papp György  |e ths 
856 4 0 |u https://doktori.bibl.u-szeged.hu/id/eprint/2203/1/doktorifullv2.pdf  |z Dokumentum-elérés  
856 4 0 |u https://doktori.bibl.u-szeged.hu/id/eprint/2203/2/thesis7v.pdf  |z Dokumentum-elérés  
856 4 0 |u https://doktori.bibl.u-szeged.hu/id/eprint/2203/3/thesisengv.pdf  |z Dokumentum-elérés